| 000 | 01934cam a2200445 i 4500 | ||
|---|---|---|---|
| 001 | 200468113 | ||
| 003 | TR-AnTOB | ||
| 005 | 20260414155308.0 | ||
| 007 | ta | ||
| 008 | 260414t19811981ilu b 001 0 eng | ||
| 010 | _a 80011944 | ||
| 016 | _a(AMICUS)000001393146 | ||
| 016 | 7 |
_a008049455 _2Uk |
|
| 020 | _a0252008162 | ||
| 020 | _a9780252008160 | ||
| 035 | _a(CU-S)b17161551-01ucs_sdi | ||
| 035 |
_a(OCoLC)06086603 _z(OCoLC)17517301 _z(OCoLC)969886705 _z(OCoLC)1085192685 _z(OCoLC)1277108332 _z(OCoLC)1408673669 _z(OCoLC)1429221557 |
||
| 035 | _a(OCoLC)ocm06086603 | ||
| 035 | _a(EXLNZ-01UCS_NETWORK)9912435684206531 | ||
| 035 | _a(TR-AnTOB)200468113 | ||
| 040 |
_aDLC _beng _erda _cDLC _dBAKER _dBTCTA _dYDXCP _dDEBBG _dBDX _dEUM _dGBVCP _dOCLCF _dOCLCQ _dNLC _dOCLCO _dDHA _dOCLCQ _dCPO _dBUB _dOCLCA _dUKMGB _dREU _dOCLCQ _dSAB _dOCLCQ _dIL4J6 _dOCLCO _dOCLCL _dOCLCQ _dOCLCL _dOCLCQ _dYBM _dOCLCO _dOCLCL _dOCLCQ _dOCLCO _dTR-AnTOB |
||
| 041 | 0 | _aeng | |
| 050 | 0 | 0 |
_aPS3566.Y55 _bZ87 1981 |
| 090 |
_aPS3566.Y55 _bZ87 1981 |
||
| 100 | 1 |
_aSchaub, Thomas H., _d1947- _eauthor _4aut _0http://id.loc.gov/authorities/names/n80022645 _9153661 |
|
| 245 | 1 | 0 |
_aPynchon : _bthe voice of ambiguity / _cThomas H. Schaub. |
| 264 | 1 |
_aUrbana : _bUniversity of Illinois Press, _c1981. |
|
| 264 | 4 | _c©1981 | |
| 300 |
_ax, 165 pages ; _c24 cm |
||
| 336 |
_atext _btxt _2rdacontent |
||
| 337 |
_aunmediated _bn _2rdamedia |
||
| 338 |
_avolume _bnc _2rdacarrier |
||
| 504 | _aBIBINDX | ||
| 505 | 0 | _aPynchon's project: fiction in four dimensions -- The crying of Lot 49: a gentle chill, an ambiguity -- Pynchon's great song -- History and fiction: from providence to paranoia -- Reading Pynchon -- Pynchon's company. | |
| 600 | 1 | 0 |
_aPynchon, Thomas _xCriticism and interpretation _9153650 |
| 650 | 0 |
_aAmbiguity in literature _0http://id.loc.gov/authorities/subjects/sh93008352 _9153662 |
|
| 942 |
_2lcc _cBK |
||
| 999 |
_c200468113 _d86325 |
||